Before the wall fell: the science of man in the socialist europe (Record no. 84598)
[ view plain ]
| 000 -LEADER | |
|---|---|
| fixed length control field | 00872nam a2200181 a 4500 |
| 008 - FIXED-LENGTH DATA ELEMENTS--GENERAL INFORMATION | |
| fixed length control field | 120416s1993 ||||||||||||||||| || u |
| 020 ## - INTERNATIONAL STANDARD BOOK NUMBER | |
| International Standard Book Number | 1551300109 |
| 050 ## - LIBRARY OF CONGRESS CALL NUMBER | |
| Classification number | Q 175.5 Bef |
| 100 ## - MAIN ENTRY--PERSONAL NAME | |
| Personal name | Sigmon, Becky A |
| 245 10 - TITLE STATEMENT | |
| Title | Before the wall fell: the science of man in the socialist europe |
| Statement of responsibility, etc. | edited by Becky A Sigmon |
| 260 ## - PUBLICATION, DISTRIBUTION, ETC. | |
| Place of publication, distribution, etc. | Toronto |
| Name of publisher, distributor, etc. | Canadian Scholars Press |
| Date of publication, distribution, etc. | 1993 |
| 300 ## - PHYSICAL DESCRIPTION | |
| Extent | xx, 204p : ill. |
| 350 ## - | |
| -- | 0.00 |
| 650 ## - SUBJECT ADDED ENTRY--TOPICAL TERM | |
| Topical term or geographic name entry element | PHYSICAL ANTHROPOLOGY--EUROPE, EASTERN--HISTORY |
| 650 ## - SUBJECT ADDED ENTRY--TOPICAL TERM | |
| Topical term or geographic name entry element | SCIENCE AND STATE--EUROPE, EASTERN--HISTORY-20th CENTURY |
| 995 ## - | |
| -- | MAIN LIBRARY OPEN ACCESS |
| -- | 0.00 |
| -- | 737169 |
| -- | CBU-MAIN LIBRARY (Kitwe) |
| -- | 1 |
| -- | 18.95 |
| -- | Q 175.5 Bef |
| -- | 1 |
| -- | AVAILABLE |
| -- | 41039 |
| -- | Main Library Open Access Collection |
| 995 ## - | |
| -- | MAIN LIBRARY OPEN ACCESS |
| -- | 0.00 |
| -- | 737170 |
| -- | CBU-MAIN LIBRARY (Kitwe) |
| -- | 2 |
| -- | 18.95 |
| -- | Q 175.5 Bef |
| -- | 2 |
| -- | AVAILABLE |
| -- | 41042 |
| -- | Main Library Open Access Collection |
| 999 ## - | |
| -- | 84598 |
| -- | 84598 |
No items available.